| 000 | 00370nam a2200121Ia 4500 | ||
|---|---|---|---|
| 008 | 211119s9999||||xx |||||||||||||| ||und|| | ||
| 082 |
_a954.83 _bGAN-V |
||
| 100 | _aGangadharan, M | ||
| 245 | 0 | _aVanijyakeralam | |
| 260 |
_bD c Books _aKottayam _c2013 |
||
| 650 |
_aHistory & geography _vHistory of Asia; Far EastSouth Asia; India Malayalam _xGeneral Stack |
||
| 942 | _cBOOK | ||
| 999 |
_c118213 _d118213 |
||